Most Popular Duolingo Courses - Statistics

General Stats
  • This quiz has been taken 47 times
  • The average score is 20 of 28
Answer Stats
Learners Language % Correct
26.9m French
100%
48.1m Spanish
100%
8.77m Russian
97%
10.4m Chinese
95%
18.3m German
89%
12.9m Italian
89%
22.8m Japanese
87%
4.79m English
84%
5.75m Portuguese
84%
2.31m Swedish
84%
17.8m Korean
82%
2.77m Greek
79%
2.46m Polish
74%
8.18m Arabic
71%
1.14m Finnish
71%
3.17m Dutch
68%
10.8m Hindi
68%
1.05m Danish
66%
1.75m Norwegian
66%
1.42m Ukrainian
66%
4.61m Turkish
63%
2.03m Irish
61%
1.69m Hebrew
47%
1.08m Romanian
45%
2.85m Vietnamese
45%
2.21m Latin
39%
1.30m Indonesian
37%
1.45m High Valyrian
8%
No matching quizzes found
Score Distribution
Percent of People with Each Score
Percentile by Number Answered
Your Score History
You have not taken this quiz